000 00269nam a22001217a 4500
008 230620b xxu||||| |||| 00| 0 eng d
082 _a324
_bECK
110 _bECK
_c1998
245 _a1998 Annual Report
260 _aKenya
_bECK
_c1998
300 _a26p
942 _2ddc
_cBK
999 _c1898
_d1898